|
|
|
|
| LEADER |
01137nam a2200253 i 4500 |
| 001 |
c000304001 |
| 003 |
CARM |
| 005 |
00000000000000.0 |
| 008 |
840302s1979 ne a b 100 0 eng d |
| 019 |
1 |
|
|a 1700373
|5 LACONCORD2021
|
| 020 |
|
|
|a 0444853278
|
| 035 |
|
|
|a (OCoLC)5828616
|5 LACONCORD2021
|
| 082 |
0 |
4 |
|a 516.3/6
|
| 111 |
2 |
|
|a Japan-United States Seminar on Minimal Submanifolds, including Geodesics
|d (1977 :
|c Tokyo, Japan)
|
| 245 |
1 |
0 |
|a Minimal submanifolds and geodesics :
|b proceedings of the Japan-United States Seminar on Minimal Submanifolds, including Jeodesics, Tokyo 1977 /
|c edited by Morio Obata.
|
| 260 |
|
|
|a Amsterdam ;
|a New York :
|b North-Holland,
|c 1979.
|
| 300 |
|
|
|a x, 292 p. :
|b ill. ;
|c 24 cm.
|
| 504 |
|
|
|a Includes bibliographical references.
|
| 650 |
|
0 |
|a Geometry, Differential
|x Congresses.
|
| 650 |
|
0 |
|a Minimal submanifolds
|x Congresses.
|
| 700 |
1 |
|
|a Obata, Morio,
|d 1926-
|
| 852 |
8 |
|
|b CARM
|h A1:AQ02G0
|i B10611
|p 0514116
|f BK
|
| 999 |
f |
f |
|i 49f648c4-5af3-541d-a8b6-498fed3d0cde
|s 337998cb-3c46-5d5c-b4d2-b201eb34207d
|
| 952 |
f |
f |
|p Can circulate
|a CAVAL
|b CAVAL
|c CAVAL
|d CARM 1 Store
|e B10611
|f A1:AQ02G0
|h Other scheme
|i book
|m 0514116
|